01178nmc a2200325 a 4500003000900000005001700009008004100026040001300067100001700080245003300097260003100130300001100161490007400172500020200246500009700448500002200545650002600567650000800593650003100601650001700632650001300649650001100662650003500673650001100708650002300719650001600742650002600758700003200784700003600816AR-BaBNM20251128204251.0277019s1946 ||||||||||||||000 | spa|| cAR-BaBNM1 aKelsen, Hans10aLa paz por medio del derecho aBuenos AiresbLosadac19460 a238 p. 0aBiblioteca del Instituto argentino de filosofía jurídica y social1 aContiene anexos: Pacto de una Liga permanente para el mantenimiento de la paz, Disposiciones contracturales estableciendo la responsabilidad individual por las violaciones del derecho internacional0 aIncluye apéndice: La jurisdicción internacional obligatoria y el mantenimiento de la paz0 aIndice p. 237-238 4aDERECHO INTERNACIONAL 4aPAZ 4aADMINISTRACION DE JUSTICIA 4aCONCILIACION 4aIGUALDAD 4aESTADO 4aORGANIZACIONES INTERNACIONALES 4aGUERRA 4aCRIMENES DE GUERRA 4aPRISIONEROS 4aDERECHO INTERNACIONAL1 aKunz, Josef L.ecolaborador1 aGioja, Ambrosio L.eprologuista